Least happy countries - Statistics

General Stats
  • This quiz has been taken 10 times
  • The average score is 4 of 10
Answer Stats
Answer % Correct
2 Syria
90%
4 Afghanistan
60%
6 Rwanda
50%
5 Benin
40%
1 Burundi
40%
7 Guinea
40%
8 Liberia
40%
3 Togo
40%
10 Madagascar
20%
9 Tanzania
20%
No matching quizzes found
Score Distribution
Percent of People with Each Score
Percentile by Number Answered
Your Score History
You have not taken this quiz